De-cantares de ires, iras y esperanza : (Record no. 181938)
[ view plain ]
| 000 -LEADER | |
|---|---|
| campo de control de longitud fija | 01026nam a2200253 i 4500 |
| 001 - NÚMERO DE CONTROL | |
| campo de control | 181938 |
| 003 - IDENTIFICADOR DE NÚMERO DE CONTROL | |
| campo de control | ES-MaACL |
| 005 - FECHA Y HORA DE LA ÚLTIMA TRANSACCIÓN | |
| campo de control | 20251011063159.0 |
| 008 - DATOS DE LONGITUD FIJA--INFORMACIÓN GENERAL | |
| campo de control de longitud fija | 130508s2009 sp s | |||||||| | spa d |
| 020 ## - NÚMERO INTERNACIONAL ESTÁNDAR DEL LIBRO | |
| Número Internacional Estándar del Libro | 978-84-613-5506-8 |
| 080 ## - NÚMERO DE LA CLASIFICACIÓN DECIMAL UNIVERSAL | |
| Número de la Clasificación Decimal Universal | 821.134.2(861)-14"19" |
| 100 1# - ENTRADA PRINCIPAL--NOMBRE DE PERSONA | |
| Nombre de persona | Vidales, Mauricio, |
| Fechas asociadas al nombre | 1962- |
| 9 (RLIN) | 152743 |
| 245 10 - MENCIÓN DEL TÍTULO | |
| Título | De-cantares de ires, iras y esperanza : |
| Resto del título | (Cali, 2006-Madrid, 2009) / |
| Mención de responsabilidad, etc. | Mauricio Vidales ; prólogo de Héctor José Arenas Amorocho ; [ilustraciones de Joan Castejón]. |
| 260 ## - PUBLICACIÓN, DISTRIBUCIÓN, ETC. | |
| Lugar de publicación, distribución, etc. | Huelva : |
| Nombre del editor, distribuidor, etc. | Isla Varia, |
| Fecha de publicación, distribución, etc. | imp. 2009. |
| 300 ## - DESCRIPCIÓN FÍSICA | |
| Extensión | 101 p. : |
| Otras características físicas | il. ; |
| Dimensiones | 20 cm. |
| 490 1# - MENCIÓN DE SERIE | |
| Mención de serie | IslaVaria poesía |
| 700 1# - ENTRADA AGREGADA--NOMBRE PERSONAL | |
| Nombre de persona | Castejón, Joan. |
| 9 (RLIN) | 152744 |
| 700 1# - ENTRADA AGREGADA--NOMBRE PERSONAL | |
| Nombre de persona | Arenas Amorocho, Héctor José. |
| 9 (RLIN) | 152745 |
| 830 0# - PUNTO DE ACCESO ADICIONAL DE SERIE-TÍTULO UNIFORME | |
| Título uniforme | IslaVaria poesía |
| 9 (RLIN) | 224777 |
| 852 ## - LOCALIZACIÓN | |
| Ubicación | ES-MaACL |
| Número de control de estantería | A-12633 |
| itemnumber | 188846 |
| Sublocalización o colección | R.148934 |
| Ubicación en estantería | Depósito 1 |
| Signatura antigua | Olim: N-5634 |
| Encuadernación | Donación: Miguel Pastrana |
| Nota libre | Dedicatoria autógrafa del autor |
| 903 ## - NOMBRE PERSONAL DE DONANTE | |
| a | Pastrana, Miguel, |
| d | 1975- |
| e | Donante |
| -- | Ateneísta |
| 9 | 140823 |
| 942 ## - ELEMENTOS DE ENTRADA SECUNDARIOS (KOHA) | |
| Fuente del sistema de clasificación o colocación | Clasificación decimal universal |
| Tipo de ítem Koha | Libro impreso |
| Estatus retirado | Estado de pérdida | Fuente del sistema de clasificación o colocación | Estado de daño | No para préstamo | Colección | Biblioteca de origen | Biblioteca actual | Ubicación en estantería | Fecha de adquisición | Fuente de adquisición | Total de préstamos | Signatura topográfica completa | Código de barras | Visto por última vez | Precio de reemplazo | Tipo de ítem Koha | Nota pública |
|---|---|---|---|---|---|---|---|---|---|---|---|---|---|---|---|---|---|
| Clasificación decimal universal | Libros con dedicatorias | Biblioteca del Ateneo de Madrid | Biblioteca del Ateneo de Madrid | Depósito 1 | 08/05/2013 | Donación | A-12633 | 1191198 | 23/02/2023 | 23/02/2023 | Libro impreso | Dedicatoria autógrafa del autor |
